000 00651nam a22002417a 4500
003 UA-OsUOA
001 30609
007 ta
008 20041111b un ||||| |||| 00| 0 ukr d
100 _aМаймин Е. А.
090 _a82.09(470+571)
_bМ14
942 _cBK
040 _aUA-OsUOA
_brus
_cUA-OsUOA
_dUA-OsUOA
245 _aРусская философская поэзия
_bПоэты-любомудры, А. С. Пушкин, Ф. И. Тютчев
300 _a192 с.
955 _a0
041 _arus
080 _a82.09(470+571)
260 _aМосква
_bНаука
_c1976
044 _aRU
650 7 _2UDC
999 _c317022
_d317022